• 首页
  • 本馆介绍
  • 公告通知
  • 最新文献
  • 馆藏检索
  • 电子资源
  • 读者导购
  • 参考咨询
  • 我的图书馆
  • 登录
  • 详细信息显示
  • 放入我的书架
  • 预约/预借图书
  • 作者相关作品
  • 分类相关作品
  • 丛书相关作品
  • 出版社相关作品

书目信息

  • 表格格式
  • 工作单格式
  • 卡片格式
题名:
字体设计
    
 
作者: 刘涛 , 邓国平 , 李红月 主编
分册:  
出版信息: 北京   北京工业大学出版社  2012
页数: 198页
开本: 26cm
丛书名: 高等教育美术专业与艺术设计专业“十二五”规划教材
单 册:
中图分类: J292.13 , J293
科图分类:
主题词: 美术字--字体--设计--高等学校--教材
电子资源:
ISBN: 978-7-5639-3202-3
000 01114nam 2200289 450
001 2351057307
005 20231214141116.13
010    @a978-7-5639-3202-3@dCNY48.90
100    @a20120711d2012 em y0chiy50 ea
101 0  @achi
102    @aCN@b110000
105    @aa a 000yy
200 1  @a字体设计@Azi ti she ji@f主编刘涛, 邓国平, 李红月
210    @a北京@c北京工业大学出版社@d2012
215    @a198页@c彩图@d26cm
225 2  @a高等教育美术专业与艺术设计专业“十二五”规划教材@Agao deng jiao yu mei shu zhuan ye yu yi shu she ji zhuan ye “shi er wu ”gui hua jiao cai
320    @a有书目 (第198页)
330    @a本书系统归纳了字体设计的相关理论知识和设计规律, 运用浅显易懂的语言、生动的图例和大量的优秀设计案例, 将理论基础和专业实践有机地结合在一起。
410  0 @12001 @a高等教育美术专业与艺术设计专业“十二五”规划教材
606 0  @a美术字@x字体@x设计@x高等学校@j教材
690    @aJ292.13@v5
690    @aJ293@v5
701  0 @a刘涛@Aliu tao@4主编
701  0 @a邓国平@Adeng guo ping@4主编
701  0 @a李红月@Ali hong yue@4主编
801  0 @aCN@b湖北三新@c20120906
905    @aZUCC@dJ292.13@e136
    
    字体设计/主编刘涛, 邓国平, 李红月.-北京:北京工业大学出版社,2012
    198页:彩图;26cm.-(高等教育美术专业与艺术设计专业“十二五”规划教材)
    
    
    ISBN 978-7-5639-3202-3:CNY48.90
    本书系统归纳了字体设计的相关理论知识和设计规律, 运用浅显易懂的语言、生动的图例和大量的优秀设计案例, 将理论基础和专业实践有机地结合在一起。
●
相关链接 在五车中查询图书 在当当中查询图书 在豆瓣中查询图书


正题名:字体设计     索取号:J292.13/136         预约/预借

序号 登录号 条形码 馆藏地/架位号 状态 备注
1 2001474311   2001474311   617书库/ [索取号:J292.13/136] 在馆    
2 2001474312   2001474312   617书库/ [索取号:J292.13/136] 在馆    
3 2001474313   2001474313   617书库/ [索取号:J292.13/136] 在馆    
4 2001474314   2001474314   617书库/ [索取号:J292.13/136] 在馆    
5 2001474315   2001474315   617书库/ [索取号:J292.13/136] 在馆    
6 2001474316   2001474316   617书库/ [索取号:J292.13/136] 在馆    
7 2001474317   2001474317   617书库/ [索取号:J292.13/136] 在馆    
8 2001474318   2001474318   617书库/ [索取号:J292.13/136] 在馆    
9 2001474319   2001474319   617书库/ [索取号:J292.13/136] 在馆    
10 2001474320   2001474320   617书库/ [索取号:J292.13/136] 在馆    
11 2001474321   2001474321   617书库/ [索取号:J292.13/136] 在馆    
12 2001474322   2001474322   617书库/ [索取号:J292.13/136] 在馆    
13 2001474323   2001474323   617书库/ [索取号:J292.13/136] 在馆    
14 2001474324   2001474324   617书库/ [索取号:J292.13/136] 在馆    
15 2001474325   2001474325   617书库/ [索取号:J292.13/136] 在馆    
16 2001474326   2001474326   617书库/ [索取号:J292.13/136] 在馆    
17 2001474327   2001474327   617书库/ [索取号:J292.13/136] 在馆    
18 2001474328   2001474328   617书库/ [索取号:J292.13/136] 在馆    
19 2001474329   2001474329   617书库/ [索取号:J292.13/136] 在馆    
20 2001474330   2001474330   617书库/ [索取号:J292.13/136] 在馆    
21 2001474331   2001474331   617书库/ [索取号:J292.13/136] 在馆    
22 2001474332   2001474332   617书库/ [索取号:J292.13/136] 在馆    
23 2001474333   2001474333   617书库/ [索取号:J292.13/136] 在馆    
24 2001474334   2001474334   617书库/ [索取号:J292.13/136] 在馆    
山东省滨州职业学院图书馆 欢迎您!
大连网信软件有限公司© 版权所有